000 00859nam a2200229 a 4500
001 20710
003 CO-ViMGA
008 141112s2004 ck r 000 u spa d
020 _a9688809500
040 _aCO-ViMGA
_bspa
_cCO-ViMGA
082 0 4 _a658.15 V15a
100 1 _aVan Horne, James C.
_929992
245 1 0 _aAdministración financiera
250 _a10
260 _aMexico :
_bPearson educación,
_c1997
300 _a858p
505 _aLas metas y las funciones de las finanzas, Conceptos en la valuación, Riesgos y rentabilidad en el mercado Principios de la inversión de capital, Teoría de la estructura de capital
590 _aForma de adquisición : Compra fact.0550 - - Precio : 95200 - - Proveedor : Temas y libros - - Fecha de adquisición : Mayo 2006
650 1 4 _aADMINISTRACIÓN FINANCIERA
650 1 4 _aFINANZAS
942 _2ddc
_cBK
999 _c29697
_d29697